000
00184 a2200097 4500
001
8130
090
_c
6530
_d
6530
100
_a
Wilde, O
245
_a
Plays (Transfer to SOA)
260
_b
Collins
942
_a
NUST-CAE
999
_c
243203
_d
243203